01368nam a2200385Ia 450000500170000000800410001702000180005802000150007604100080009110000320009924501050013125000180023630000570025449000300031152000370034153400210037858600400039958600320043965000390047165000430051065000380055365000350059165000330062665000490065970000420070870000420075094200150079226400260080733600270083333700330086033800280089304000350092108400110095699900150096720220317001716.0170328s2015 c a g 000 f s  a9789580450504 a9580450501 aspa1 aBojunga Nunes, Lygiad1932-10aSeis veces LucascLygia Bojunga ; ilustraciones de Alejandro Ortiz ; traducción de Elkin Obregón a1a. edición a109 páginasbilustraciones a blanco y negroc20 cm aTorre de papel : amarilla aRecomendados desde los 12 años tSeis vezes Lucas aPremio Hans Christian Andersen 1982 aPremio Astrid Lindgten 2004142LEMBaNovela brasileñaySiglo XX142LEMBaLiteratura brasileñaySiglo XX142LEMBaFantasía en la literatura142LEMBaNiños en la literatura142LEMBaMiedo en la literatura142LEMBaProblemas emocionales en la literatura1 aOrtíz, Alejandroeilustrador9884901 aObregón S., Elkinetraductor988491 2loccBKLIT aBogotábNormac2015 atextobtxt2rdacontent asin mediaciónbn2rdamedia avolumenbnc2rdacarrier aCO-BoRNBPbspaerdacCO-BoRNBP aN BOJ1 c7817d7817